| 000 | 00525 a2200169 4500 | ||
|---|---|---|---|
| 001 | 001292 | ||
| 003 | OSt | ||
| 005 | 20211025162722.0 | ||
| 008 | |||
| 082 |
_a823 _bS64T |
||
| 100 | 1 | _aSingh, Khushwant | |
| 245 | 1 |
_aTrain to Pakistan _cby Khushwant Singh |
|
| 260 |
_aNew Delhi _bLotus _c2009 |
||
| 300 | _a263p. | ||
| 690 | _aIndia; Partition of India (1947); Pakistan; Political violence; India--Punjab; Partition of Punjab (India : 1947); Terrorism; Political refugees | ||
| 942 |
_2ddc _cBK |
||
| 999 |
_c31 _d31 |
||